History Quiz

Random History Quiz

RFK: On the Assassination of MLK (part 2) Quiz Stats

 Plays Quiz not verified by Sporcle

Challenge
Share
Tweet
Embed
Score 0/300 Timer 12:00
1 Play Today
RFK's Speech % Correct
a
92.1%
a
92.1%
a
92.1%
a
92.1%
I
91%
I
90.1%
we
84.2%
We
84.2%
we
84.2%
we
84.2%
We
84.2%
We
84.2%
we
84.2%
the
82.5%
the
82.5%
the
82.5%
the
82.5%
the
82.5%
the
82.5%
the
82.5%
the
82.5%
the
82.5%
the
82.5%
the
82.5%
the
82.5%
the
82.5%
the
82.5%
the
82.5%
the
82.5%
the
82.5%
an
81.4%
an
81.4%
to
80.8%
to
80.8%
to
80.8%
to
80.8%
to
80.8%
to
80.8%
to
80.8%
to
80.8%
to
80.8%
to
80.8%
to
80.8%
to
80.8%
in
75.1%
in
75.1%
in
75.1%
in
75.1%
in
75.1%
in
75.1%
in
75.1%
in
75.1%
in
75.1%
in
75.1%
And
74.6%
and
74.6%
and
74.6%
and
74.6%
and
74.6%
and
74.6%
and
74.6%
and
74.6%
And
74.6%
and
74.6%
and
74.6%
and
74.6%
and
74.2%
he
74%
and
74%
of
73.4%
of
73.4%
of
73.4%
of
73.4%
of
73.4%
of
73.4%
of
73.4%
of
73.4%
of
73.4%
of
73.4%
of
73.4%
King --
73.4%
of
73.4%
Martin
72.9%
of
72.8%
Luther
71.8%
for
70.1%
for
70.1%
for
70.1%
for
70.1%
for
70.1%
for
69.5%
is
69.5%
is
69.5%
is
69.5%
is
69.5%
be
68.4%
be
68.4%
white
66.7%
black.
66.7%
white
66.7%
RFK's Speech % Correct
black
66.7%
can
66.1%
love,
63.8%
love --
63.8%
go
63.6%
our
63.3%
our
63.3%
our
63.3%
our
63.3%
our
63.3%
our
63.3%
our
63.3%
our
63.3%
our
63.3%
not
62.7%
not
62.7%
this
62.7%
not
62.7%
not
62.7%
not
62.7%
this
62.7%
this
62.7%
people
61%
people
61%
that
61%
that,
61%
people.
61%
country,
60.5%
country.
60.5%
country
60.5%
so
60.5%
country
60.5%
So
60.5%
country,
60.5%
that
60.3%
have
59.3%
have
59.3%
was
59.3%
have
59.3%
have
59.3%
It
59.3%
it
59.3%
will,
58.8%
will
58.8%
will
58.8%
man
58.8%
you
58.2%
or
57.6%
do
57.6%
United
57.1%
My
57.1%
United
57.1%
United
57.1%
States.
56.5%
What
56.5%
States
56.5%
what
56.5%
States
56.5%
all
56.5%
what
56.5%
all
56.5%
or
55%
But
53.7%
but
53.7%
But
53.7%
but
53.7%
us
53.1%
us
53.1%
they
52.5%
they
52.5%
who
51.4%
live
49.2%
by
48.6%
say
47.5%
say
47.5%
say
47.5%
heart,
46.9%
make
45.8%
make
45.8%
make
45.8%
prayer
45.2%
family
45.2%
prayer
45.2%
prayer
45.2%
ask
44.6%
God.'
44.1%
whether
43.5%
whether
43.5%
together,
43.5%
need
42.9%
need
42.9%
violence
42.9%
violence;
42.9%
understand,
42.4%
want
42.4%
want
42.4%
want
42.4%
effort
41.8%
effort
41.8%
which
41.8%
RFK's Speech % Correct
which
41.8%
poet
41.2%
one
41.2%
world.
41.2%
hatred,
41.1%
those
40.7%
end
40.7%
end
40.7%
end
40.7%
wrote:
40.1%
justice
40.1%
justice
40.1%
wrote
40.1%
which
39.7%
favorite
39.5%
future.
39.5%
times.
39%
times.
39%
times
39%
times
39%
had
38.4%
cannot
37.9%
life,
37.9%
life
37.9%
'Even
36.2%
compassion
35.6%
past,
35.6%
it's
35.6%
once
35%
drop
35%
drop
35%
through
35%
Let
35%
difficult
34.5%
pain
34.5%
difficult
34.5%
difficult
34.5%
difficult
34.5%
many
34.5%
these
33.9%
own
33.9%
own
33.9%
grace
33.3%
well
33.3%
years
32.8%
upon
32.2%
more
32.2%
compassion
31.8%
get
31.6%
against
31.6%
sleep,
30.5%
awful
30.5%
toward
30.5%
toward
30.5%
falls
29.9%
land.
29.9%
forget
29.4%
majority
29.4%
majority
29.4%
Aeschylus.
28.8%
wisdom,
28.8%
wisdom,
28.8%
another,
28.8%
Greeks
28.8%
until,
28.2%
comes
28.2%
vast
28.2%
vast
28.2%
ourselves
28.2%
ourselves
28.2%
home,
28.2%
despair,
27.7%
lawlessness,
27.7%
We've
27.7%
lawlessness;
27.7%
ago:
27.7%
division;
26.6%
human
26.6%
dedicate
26.6%
dedicate
26.6%
understanding
25.8%
still
24.9%
savageness
24.9%
beings
24.3%
tame
24.3%
let's
23.7%
gentle
23.7%
suffer
23.2%
beyond,
22.6%
beyond
22.5%
importantly
21.5%
spoke.
21.2%
feeling
20.3%
within
20.3%
return
20.3%
improve
19.8%
rather
19.2%
quality
18.6%
abide
18.1%
disorder.
16.4%

You're not logged in!

Compare scores with friends on all Sporcle quizzes.
Join for Free
OR
Log In

You Might Also Like...

Show Comments

Extras

Top Quizzes Today


Score Distribution

Your Account Isn't Verified!

In order to create a playlist on Sporcle, you need to verify the email address you used during registration. Go to your Sporcle Settings to finish the process.

Report this User

Report this user for behavior that violates our Community Guidelines.

Details: